000 01204nam a2200313 a 4500
001 000046792
003 DO-SdBNP
005 20240302073951.0
007 ta
008 090717s2014 dr a 000 0bspa d
020 _a9789945468441
040 _aDO-SdBNP
_bspa
_cBNPHU
082 _a923.27293
_bM524C, 2014
_222
100 1 _aCassá, Roberto,
_d1948-
_910888
245 1 0 _aMatías Ramón Mella :
_bel patriotismo hecho acción /
_cRoberto Cassá ; ilustración José Mercader.
246 1 0 _aRamón Matías Mella
250 _a4a. ed.
260 _aSanto Domingo :
_bTobogán,
_c2014.
300 _a52 p. :
_bil. ;
_c21 cm.
490 1 _aBiografías dominicanas Tobogán ;
504 _aBibliografía: p. 49.
505 0 _tSu dimensión --
_tIniciación revolucionaria --
_tHacia el 27 de febrero --
_tDe vuelta al Cibao --
_tCon Santana --
_tMisión en España --
_tEn la revolución de 1857 --
_tRuptura con Santana --
_tVicepresidente restaurador --
_tBibliografía.
590 _aInventariado, 2019/ YL
600 1 0 _aMella, Matías Ramón,
_d1816-1864
_91264
700 1 _aMercader, José
_eil.
_956560
830 0 _aBiografías dominicanas Tobogán.
_9769
910 _aYL
942 _2ddc
_cLBS1
999 _c46281
_d46281